|
|
|
|
| LEADER |
01048nam a2200277 a 4500 |
| 001 |
c000014034 |
| 003 |
CARM |
| 005 |
00000000000000.0 |
| 008 |
s1989 vra b 00010 eng d |
| 019 |
1 |
|
|a 6335719
|5 LACONCORD2021
|
| 020 |
|
|
|a 0959255125 :
|c $3.00 (est.)
|
| 035 |
|
|
|a (OCoLC)220565433
|5 LACONCORD2021
|
| 040 |
|
|
|d WCX
|
| 042 |
|
|
|a anuc
|
| 100 |
1 |
|
|a Lacey, Geoff,
|d 1937-
|
| 245 |
1 |
0 |
|a What technologies are appropriate? /
|c Geoff Lacey.
|
| 260 |
|
|
|a Carlton South, Vic. :
|b Pax Christi (Australia),
|c 1989.
|
| 300 |
|
|
|a 19 p. ;
|c 22 cm.
|
| 500 |
|
|
|a Available from Pax Christi (Australia), PO Box 31, Carlton South, Vic. 3053.
|
| 504 |
|
|
|a Includes bibliographical references.
|
| 650 |
|
0 |
|a Technology
|x Moral and ethical aspects.
|
| 710 |
2 |
0 |
|a Pax Christi (Australia)
|
| 852 |
8 |
|
|b CARM
|h A2:AG38A0
|i B03536
|p 0127806
|f BK
|
| 082 |
0 |
4 |
|a 170
|2 19
|
| 999 |
f |
f |
|i 476c6112-80b6-5cbc-9779-6d06438f804e
|s aa5d501d-6c50-5bcf-ba3e-d1133c82cbec
|
| 952 |
f |
f |
|p Can circulate
|a CAVAL
|b CAVAL
|c CAVAL
|d CARM 1 Store
|e B03536
|f A2:AG38A0
|h Other scheme
|i book
|m 0127806
|